Koncepčný návrh kontajnerovej jednotky a jej optimalizácia

Guardado en:
Detalles Bibliográficos
Autor principal: Lukácsová, Tünde (Autor)
Otros Autores: Chmelko, Vladimír (Orientador)
Formato: Manuscrito Libro
Lenguaje:eslovaco
Publicado: 2015
Materias:
Acceso en línea:http://is.stuba.sk/zp/portal_zp.pl?podrobnosti=112957
Etiquetas: Agregar Etiqueta
Sin Etiquetas, Sea el primero en etiquetar este registro!

MARC

LEADER 00000ntm a22000003a 4500
001 stuzp53793
003 SK-STU
005 20160719154554.7
007 ta
008 150427s2015----xo-----f-mn---000-0-slo-d
040 |a STU  |b slo 
041 0 |a slo 
100 1 |a Lukácsová, Tünde  |u 020010  |4 aut  |U SjF Strojnícka fakulta  |T SjF Ústav aplikovanej mechaniky a mechatroniky  |X 43720  |U J0010  |Y 801  |7 A000043720 
242 0 1 |a Design and optimalization of ship container  |y eng 
245 1 0 |a Koncepčný návrh kontajnerovej jednotky a jej optimalizácia 
260 |c 2015 
650 4 |a metóda konečných prvkov  |2 slo 
650 4 |a bioreaktor  |2 slo 
650 4 |a kontajner  |2 slo 
650 4 |a Ansys APDL  |2 slo 
650 4 |a optimalizácia  |2 slo 
650 4 |a finite element method  |2 eng 
650 4 |a container  |2 eng 
650 4 |a optimalization  |2 eng 
650 4 |a bioreactors  |2 eng 
650 4 |a Ansys APDL  |2 eng 
700 1 |a Chmelko, Vladimír  |4 ths  |X 2396  |7 A000002396 
856 4 |u http://is.stuba.sk/zp/portal_zp.pl?podrobnosti=112957 
SQL |a stuzp53793  |b DDP  |c SLO  |d Koncepčný návrh kontajnerovej jednotky a jej optimalizácia  |e 43720  |f Lukácsová, Tünde  |g 020010  |h 2396  |i Chmelko, Vladimír  |j 20150618  |k 49  |l 02  |m http://is.stuba.sk/zp/portal_zp.pl?podrobnosti=112957  |n I-APLM  |o 5.1.7. aplikovaná mechanika